000 00632nam a2200241Ia 4500
003 OSt
005 20221005124437.0
006 a|||||r|||| 00| 0
007 ta
008 221004b |||||||| |||| 00| 0 mal d
024 _a55805
037 _cTextual
040 _aCRL
_cCRL
_bmal
041 _2mal
_amal
082 _aO32,2NKR,1, J3
100 _aPillai N.Krishna Au.
_9594522
245 0 _aMutakku muthal
260 _c1953
650 _a MALAYALAM LITERATURE
_938866
650 _aMALAYALAM DRAMA
_9207189
942 _hO32,2NKR,1, J3
_cTEXL
_2cc
999 _c1050508
_d1050508